Materská škola v novom školskom roku

Bibliographic Details
Main Author: Boženská, A. (Author)
Format: Article
Language:Slovak
Subjects:

MARC

LEADER 00000nab a2200000 a 4500
001 vtls010269662
003 SK-MaSNL
005 20260305031514.0
008 110411 2010 xo m 000 0 slo
038 |a PPPK 
040 |a PPPKCL  |b slo  |c PPPK  |e AACR2 
041 0 |a slo 
044 |a xo  |c SK 
080 |a 373.24:69.059.3  |2 2001 
080 |a 371.66/.69  |2 2001 
100 1 |a Boženská, A.  |4 aut  |9 1609614 
245 1 0 |a Materská škola v novom školskom roku  |c A. Boženská, riaditeľka MŠ 
610 2 7 |a Materská škola (Spišská Stará Ves, Slovensko)  |2 pppkcl  |9 1609315 
650 0 7 |a materské školy  |2 pppkcl  |9 1278 
650 0 7 |a rekonštrukcia budov  |2 pppkcl  |9 3966 
650 0 7 |a učebné pomôcky  |2 pppkcl  |9 13833 
651 7 |a Spišská Stará Ves (Slovensko)  |2 pppkcl  |9 54503 
651 7 |a Kežmarok (Slovensko : okres)  |2 pppkcl  |9 51824 
773 0 |t Starovešťan  |g Roč. 4, č. 17 (2010), s. 2 
852 |a PPPK  |b KIS3GCP 
999 |c 3316378  |d 3318308